000 01174cab a2200277 4500
001 ABS46298
008 090401t1992 xxu||||| |||| 00| 0 eng d
035 _a(Sirsi) u57648
041 _aeng
100 _aGreed, J.A.
245 _aMortgages and contributors
260 _c1992
350 _a0
490 _aNew Law Journal
_v142(6548) 17 April 1992, 539-540(2)
520 _aExamines a recent decision, "Equity and Law Home Loans Ltd v Prestidge" 1992, where the mortgagee sought possession of the property, which had been remortgaged unbeknown to the second occupant of the property. However, the second occupant, although having an interest in the property by virtue of an initial contribution to its purchase, having consented to the first mortgage was considered to have consented to the second mortgage.
650 _aABBEY NATIONAL BUILDING SOCIETY V CANN
650 _aBENEFICIAL INTEREST
650 _aBRISTOL AND WEST BUILDING SOCIETY V HENNING
650 _aCONSENT
650 _aLLOYDS BANK LTD V ROSSET
650 _aMORTGAGES
650 _aPOSSESSION
690 _aPROPERTY LAW AND PRACTICE-CASE LAW
942 _n0
948 _c04/03/1997
999 _c35173
_d35173